Углекопы (Запись № 9917915)
[ простой вид ]
| 000 -МАРКЕР | |
|---|---|
| контрольное поле | 01308nam0a22003371 4500 |
| 001 - ИДЕНТИФИКАТОР ЗАПИСИ | |
| контрольное поле | RU\NLR\A1SV\51428 |
| 005 - ИДЕНТИФИКАТОР ВЕРСИИ | |
| контрольное поле | 20260406125648.0 |
| 035 ## - ДРУГИЕ СИСТЕМНЫЕ НОМЕРА | |
| Идентификатор записи | (NLR Aleph) 009733418 |
| 100 ## - ДАННЫЕ ОБЩЕЙ ОБРАБОТКИ | |
| Данные общей обработки | 20040611d1926 u y0rusy50 ca |
| 101 1# - ЯЗЫК РЕСУРСА | |
| Язык оригинала | французский |
| Язык текста, звукозаписи и т.д. | русский |
| 102 ## - СТРАНА ПУБЛИКАЦИИ ИЛИ ПРОИЗВОДСТВА | |
| Страна публикации | Российская Федерация |
| 200 1# - ЗАГЛАВИЕ И СВЕДЕНИЯ ОБ ОТВЕТСТВЕННОСТИ | |
| Основное заглавие | Углекопы |
| Сведения, относящиеся к заглавию | [Роман] |
| Первые сведения об ответственности | Э.Золя |
| Последующие сведения об ответственности | Сокр. пер. Е.Л.Овсянниковой |
| 210 ## - ПУБЛИКАЦИЯ, РАСПРОСТРАНЕНИЕ И ДР. | |
| Место издания, распространения и т.д. | Л. |
| Имя издателя, распространителя и т. д. | Прибой |
| Дата издания, распространения и т.д. | 1926 |
| 215 ## - ФИЗИЧЕСКАЯ ХАРАКТЕРИСТИКА | |
| Специфическое обозначение материала и объем | 168 с. |
| Размеры | 21 см |
| 451 #0 - ДРУГОЕ ИЗДАНИЕ [КАТАЛОГИЗИРУЕМОГО ДОКУМЕНТА] НА АНАЛОГИЧНОМ НОСИТЕЛЕ | |
| Встроенное поле | 001RU\NLR\A1SV\51432 |
| -- | 2001#$aУглекопы$e[Роман]$fЭмиль Золя$gСокр. пер. Е.П.Летковой$gРис. и обл. В.Н.Конашевича |
| -- | 700#1$aЗоля$bЭ.$f1840-1902$gЭмиль$3RU\NLR\AUTH\771440 |
| Системный номер (АБИС) связанной записи | 9917926 |
| Автор | Золя, Э. (1840-1902) |
| Место публикации | М. |
| Дата публикации | 1923 |
| Первые сведения об ответственности | Эмиль Золя |
| Имя издателя, распространителя и т.д. | Крас. новь |
| Сведения, относящиеся к заглавию | [Роман] |
| Физическая характеристика | 178 с. |
| Заглавие | Углекопы |
| 620 ## - МЕСТО И ДАТА ПУБЛИКАЦИИ, ИСПОЛНЕНИЯ И Т. Д. | |
| Город | Санкт-Петербург |
| 700 #1 - ИМЯ ЛИЦА - ПЕРВИЧНАЯ ОТВЕТСТВЕННОСТЬ | |
| Графика поля | Кириллица |
| Материалы, к которым относится поле | rus |
| Начальный элемент ввода | Золя |
| Часть имени, кроме начального элемента ввода | Э. |
| Даты | 1840-1902 |
| Расширение инициалов личного имени | Эмиль |
| Системный номер авторитетной/нормативной записи | 111465 |
| Идентификатор авторитетной/нормативной записи | RU\NLR\AUTH\771440 |
| 702 #1 - ИМЯ ЛИЦА - ВТОРИЧНАЯ ОТВЕТСТВЕННОСТЬ | |
| Начальный элемент ввода | Овсянникова |
| Часть имени, кроме начального элемента ввода | Е.Л. |
| 801 #0 - ИСТОЧНИК ЗАПИСИ | |
| Страна | Российская Федерация |
| Организация | NLR |
| Дата составления | 20040611 |
| 852 ## - МЕСТОНАХОЖДЕНИЕ И ШИФР ХРАНЕНИЯ | |
| Идентификатор организации | NLR |
| Шифр хранения (Call Number) | Л 60 В-3/226 |
| 852 ## - МЕСТОНАХОЖДЕНИЕ И ШИФР ХРАНЕНИЯ | |
| Идентификатор организации | NLR |
| Шифр хранения (Call Number) | 24/9 |
| 899 ## - ДАННЫЕ О МЕСТОНАХОЖДЕНИИ (устаревшее) | |
| Местонахождение | РКП |
| 899 ## - ДАННЫЕ О МЕСТОНАХОЖДЕНИИ (устаревшее) | |
| Местонахождение | БАН |
| 899 ## - ДАННЫЕ О МЕСТОНАХОЖДЕНИИ (устаревшее) | |
| Местонахождение | НБ ТГУ |
| 899 ## - ДАННЫЕ О МЕСТОНАХОЖДЕНИИ (устаревшее) | |
| Местонахождение | КирОУНБ |
| 899 ## - ДАННЫЕ О МЕСТОНАХОЖДЕНИИ (устаревшее) | |
| Местонахождение | РГБ |
| 942 ## - ДОПОЛНИТЕЛЬНЫЕ ЭЛЕМЕНТЫ ЗАПИСИ (АБИС) | |
| Тип экземпляра АБИС | Книга |
| 980 ## - КОЛЛЕКЦИЯ | |
| Название коллекции | Национальная библиография |
| 980 ## - КОЛЛЕКЦИЯ | |
| Название коллекции | Международный сводный каталог русской книги (1918-1926) |
Нет доступных экземпляров.